000 00368nam a2200145Ia 4500
008 231129s2008||||xx |||||||||||||| ||spa||
020 _a978-958-44-3105-9
040 _bspa
082 _aCo863.6 L435d
100 _aLeal Eutiquio
245 0 _aDespués de la noche
260 _c2008
264 _aPijao Editores
942 _2ddc
_cBKS
999 _c9132
_d9132